000
00336nam a2200133Ia 4500
008
240112s1968/JAN-JUNE xx 000 0 und d
041
_a
eng
082
_a
616.05
100
_a
ELKINTON J.R.
245
_a
ANNUALS OF INTERNAL MEDICINE
260
_b
LANCASTER PRESS
_c
1968/JAN-JUNE
300
_a
1408,HB
_c
(1-6)
440
_v
68
999
_c
1141241
_d
1141241